Statistics for Call Of war Tile Select

Click here to take the quiz!

General Stats

  • This quiz has been taken 14 times
  • The average score is 44 of 45

Answer Stats

QuestionTileSelect% Correct
Naval UnitsAircraft CarrierYes
100%
Aircraft Class unitsAircraft CarrierNo
100%
Infantry Class UnitsAnti TankNo
100%
Select all Ordnance class unitsArtilleryYes
100%
Naval UnitsArtilleryNo
100%
Secret Class UnitsAtomic BombYes
100%
Aircraft Class unitsAttack BomberYes
100%
Naval UnitsAttack BomberNo
100%
Naval UnitsBattleshipYes
100%
Secret Class UnitsCommandosNo
100%
Infantry Class UnitsCommandosYes
100%
Naval UnitsCruiserYes
100%
Naval UnitsDestroyerYes
100%
Select all Ordnance class unitsHeavy TankNo
100%
Infantry Class UnitsHeavy TankNo
100%
Aircraft Class unitsHeavy TankNo
100%
Infantry Class UnitsInfantryYes
100%
Secret Class UnitsInfantryNo
100%
Naval UnitsInterceptorNo
100%
Aircraft Class unitsInterceptorYes
100%
Aircraft Class unitsLight TankNo
100%
Select all Ordnance class unitsLight TankNo
100%
Infantry Class UnitsLight TankNo
100%
Infantry Class UnitsMechanized InfantryYes
100%
Secret Class UnitsMilitiaNo
100%
Infantry Class UnitsMilitiaYes
100%
Infantry Class UnitsMotorized InfantryYes
100%
Secret Class UnitsNuclear BomberYes
100%
Infantry Class UnitsParatroopersYes
100%
Secret Class UnitsParatroopersNo
100%
Secret Class UnitsRailroad GunYes
100%
Secret Class UnitsRocket ArtilleryYes
100%
Select all Ordnance class unitsSP ArtilleryYes
100%
Aircraft Class unitsSP ArtilleryNo
100%
Aircraft Class unitsStrategic BomberYes
100%
Naval UnitsSubmarineYes
100%
Aircraft Class unitsTactical BomberYes
100%
Select all Ordnance class unitsAnti AirYes
90%
Select all Ordnance class unitsAnti TankYes
90%
Naval UnitsNaval BomberNo
90%
Aircraft Class unitsNaval BomberYes
90%
Select all Ordnance class unitsSP Anti AirYes
90%
Secret Class UnitsSP Rocket ArtilleryYes
90%
Select all Ordnance class unitsTank DestroyerNo
90%
Select all Ordnance class unitsRocket ArtilleryNo
80%

Score Distribution

Percentile by Number Answered

Percent of People with Each Score

Your Score History

You have not taken this quiz